000 00804nas a2200241 454500
001 29626
005 20260407193508.0
008 260407s1992####ag###########|||spa#d
003 AR-UNSa-BCEJYS
040 _aAR-UNSa-BCEJYS
_bspa
_cAR-UNSa-BCEJYS
080 _a658.8
_xOrganización de mercados. Marketing. Ventas. Distribución
245 1 0 _aMarketing financiero
264 1 _aBuenos Aires :
_bCoyuntura
_c1992
310 _aFrecuencia: Trimestral
041 _aspa
942 _cSER
590 _aniveau_biblio:s niveau_hierar:1
100 1 _aAsociación de Marketing Bancario Argentino (AMBA)
700 1 _aMercado
650 _aMarketing
650 _aEstudio de mercado
856 4 1 _uhttps://biblioeco.unsa.edu.ar/pmb/images/revistas/Marketing Financiero-r14304.jpg
_yImagen de portada
_qimage/jpeg
999 _c8674
_d8674